LIBRARY & INFORMATION CENTRE, KCAET, TAVANUR

ONLINE PUBLIC ACCESS CATALOGUE (OPAC)

Quantitiy surveying and costing / (Record no. 5604)

MARC details
000 -LEADER
fixed length control field 00426cam a2200169ua 4500
041 ## - LANGUAGE CODE
Language code of text/sound track or separate title eng
082 ## - DEWEY DECIMAL CLASSIFICATION NUMBER
Classification number 624.1517
Item number MAJ/QU
100 ## - MAIN ENTRY--AUTHOR NAME
Personal name Majgaonkar, V K .
245 ## - TITLE STATEMENT
Title Quantitiy surveying and costing /
260 ## - PUBLICATION, DISTRIBUTION, ETC. (IMPRINT)
Place of publication Mumbai :
Name of publisher Engineering Book Co. ,
Year of publication 1985.
300 ## - PHYSICAL DESCRIPTION
Number of Pages 300 ; .
942 ## - ADDED ENTRY ELEMENTS (KOHA)
Koha item type Books
Holdings
Withdrawn status Lost status Damaged status Home library Current library Date acquired Full call number Accession Number Koha item type
Withdrawn     KAUAET KAUAET 07/04/2012 624.1517 3062 Books
free website counter